000 00467nam a2200181Ia 4500
001 27660
003 IN-NITTTR
005 20251114233344.0
008 251113s9999||||xx |||||||||||||| ||eng||
040 _beng
040 _cIN-NITTTR
041 _aeng
082 _a621.317 G341P
100 _aGhosh, Arindam
245 0 _aPower quality enhancement using custom power devices /
_cGhosh, Arindam, Ledwich, Gerard
700 _a Ledwich, Gerard
942 _2ddc
_cBK
999 _c30288
_d30288